000 02286cam a22005174a 4500
001 42464
005 20230410121208.0
008 050725s2006 coua b 001 0deng
010 _a 2005021178
035 _a(OCoLC)ocm61151578
040 _aDLC
_cDLC
_dBAKER
_dC#P
_dSYB
_dUBY
_dUKM
_dYDXCP
_dOCLCQ
_dBTCTA
_dMUQ
015 _aGBA565391
_2bnb
016 7 _a013265503
_2Uk
019 _a62865018
020 _a1588263673 (hardcover : alk. paper)
020 _a9781588263674 (hardcover : alk. paper)
020 _a1588263924 (pbk. : alk. paper)
020 _a9781588263926 (pbk. : alk. paper)
029 1 _aYDXCP
_b2203258
029 1 _aYDXCP
_b2203260
029 1 _aNZ1
_b9908698
035 _a(OCoLC)61151578
_z(OCoLC)62865018
042 _apcc
050 1 4 _aJZ 4839
_bZ97i 2006
082 0 0 _a341.2
_222
100 1 _aZweifel, Thomas D.,
_d1962-
245 1 0 _aInternational organizations and democracy :
_baccountability, politics, and power /
_cThomas D. Zweifel.
260 _aBoulder, Colo. :
_bL. Rienner,
_c2006.
300 _axii, 225 p. :
_bill. ;
_c24 cm.
504 _aIncludes bibliographical references (p. 193-215) and index.
505 0 0 _tTransnational democracy --
_tA brief history of international organization --
_tThe United Nations --
_tThe World Bank --
_tThe International Monetary Fund --
_tThe World Trade Organization --
_tThe European Union --
_tFrom the Organization of African Unity to the African Union --
_tOther regional organizations --
_tGlobal citizenship?
650 0 _aInternational agencies
_xPolitical aspects
_vCase studies.
650 0 _aInternational agencies
_xManagement
_vCase studies.
650 0 _aDemocracy.
650 6 _aOrganisations internationales
_xAspect politique
_vCas, âEtudes de.
650 6 _aOrganisations internationales
_xAdministration
_vCas, âEtudes de.
650 6 _aDâemocratie.
856 4 1 _3Table of contents
_uhttp://www.loc.gov/catdir/toc/ecip0516/2005021178.html
938 _aBaker & Taylor
_bBKTY
_c49.95
_d49.95
_i1588263673
_n0006435128
_sactive
938 _aBaker & Taylor
_bBKTY
_c19.95
_d19.95
_i1588263924
_n0006435135
_sactive
938 _aBaker and Taylor
_bBTCP
_n2005021178
938 _aYBP Library Services
_bYANK
_n2203260
942 _2lcc
_cbk
994 _aC0
_bDRFGD
946 _aYSepulveda
999 _c59856
_d59856